| 000 | 00564nam a2200205Ia 4500 | ||
|---|---|---|---|
| 005 | 20230303150334.0 | ||
| 008 | 140110s9999 xx 000 0 und d | ||
| 020 |
_a9789380145709 _cRs.150.00 |
||
| 040 | _aLoreto College | ||
| 041 | _aEnglish | ||
| 082 |
_a810.9 _bWAR |
||
| 100 | _aWard, A.C. | ||
| 245 |
_aAmerican literature _b1880-1930 _cA.C.Ward |
||
| 260 |
_aKolkata _bBooks Way _c2010 |
||
| 300 | _a273p. | ||
| 504 | _aIncludes bibliographical references and index | ||
| 650 | _aAmerican literature-19th-20th century | ||
| 850 | _aLCLIB | ||
| 942 | _cBK | ||
| 999 |
_c37043 _d87522 |
||